| 000 | 00926nam a2200205 a 4500 | ||
|---|---|---|---|
| 008 | 101004s2005 ||||||||||||||||| || u | ||
| 020 | _a8182051061 | ||
| 050 | _aHV 6773 Cyb | ||
| 100 | _aJain, Atul | ||
| 245 | 1 | 0 |
_aCyber crime: issues threats and management. 2 vols. _cedited by Atul Jain |
| 260 |
_aDelhi: _bIsha Books _c2005 |
||
| 300 | _aviii, 308p. | ||
| 350 | _a0.00 | ||
| 500 | _aContents: vol.1. managing cyber crime to cyber warfare. vol.2: cyber crime: issues and threats. | ||
| 650 | _aCOMPUTING | ||
| 650 | _aCRIME AND DETECTION | ||
| 650 | _aCOMPUTER CRIMES | ||
| 995 |
_D0.00 _FCBU-MAIN LIBRARY (Kitwe) _H1 _I0.00 _M1 _UAVAILABLE _WOct 11, 2010 _ZAnnex Low-Usage Collection |
||
| 995 |
_D0.00 _FCBU-MAIN LIBRARY (Kitwe) _H1 _I0.00 _M2 _UAVAILABLE _WOct 11, 2010 _ZMain Library Open Access Collection |
||
| 999 |
_c62661 _d62661 |
||